5 Best, 5 Positions, 5 Years- Real Madrid 2013-2018 - Statistics

General Stats
  • This quiz has been taken 53 times
  • The average score is 20 of 25
Answer Stats
Hint Answer % Correct
Wingers1. Portugal Cristiano Ronaldo
100%
2. Wales Gareth Bale
100%
Centre-Forwards1. French Karim Benzema
100%
Centre-Backs1. Spain Sergio Ramos
100%
2. Germany Toni Kroos
100%
Centre-Midfielders1. Croatia Luka Modric
98%
3. Brazil Casemiro
95%
2. Spain Dani Carvajal
95%
Full-Backs1. Brazil Marcelo
95%
3. Portugal Pepe
93%
4. Spain Marco Asensio
89%
2. France Raphael Varane
89%
3. Argentina Angel Di Maria
86%
5. Germany Sami Khedira
84%
2. Spain Alvaro Morata
82%
3. Portugal Fabio Coentrao
82%
3. Mexico Javier Hernandez
80%
4. Spain Nacho
75%
4. Spain Xabi Alonso
70%
4. Dominican Republic Mariano Diaz
64%
4. Spain Alvaro Arbeloa
57%
5. Brazil Danilo
52%
5. Spain Lucas Vazquez
50%
5. Spain Jesus Vallejo
36%
5. Spain Borja Mayoral
23%
No matching quizzes found
Score Distribution
Percent of People with Each Score
Percentile by Number Answered
Your Score History
You have not taken this quiz